| 000 | 01086cam a2200325 a 4500 | ||
|---|---|---|---|
| 001 | 3183 | ||
| 005 | 20250502091136.0 | ||
| 020 | _a9780531153338 | ||
| 040 |
_aDLC _cDLC _dDLC _beng |
||
| 050 | 0 | 0 | _aSF490.L44 |
| 082 | 0 | 0 | _a636.5 |
| 100 | 1 | _aLegg, Gerald | |
| 245 | 1 | 0 |
_aFrom egg to chicken / _cwritten by Legg, Gerald ; illustrated by Scrace, Carolyn ; created & designed by Salariya, David |
| 260 |
_aNew York : _bFranklin Watts , _c1998 |
||
| 300 |
_a29 pages : _bcolor illustrations ; _c23 cm. |
||
| 490 | _a Lifecycles | ||
| 505 | _aN | ||
| 520 | _aLarge illustrations and simple text describe what an egg is made of and how it hatches into a chicken. | ||
| 521 |
_a560
_bLexile |
||
| 521 |
_aN
_bRaz-Plus |
||
| 650 | 0 |
_aEggs _vJuvenile literature |
|
| 650 | 0 |
_aChickens _xEmbryos _vJuvenile literature |
|
| 650 | 0 |
_aChicks _vJuvenile literature |
|
| 650 | 1 | _aEggs. | |
| 650 | 1 | _aChickens. | |
| 700 | 1 |
_a Carolyn, Scrace _d1956- _eillustrator |
|
| 700 | 1 | _aSalariya, David | |
| 906 |
_a7 _bcbc _corignew _d1 _eocip _f19 _gy-gencatlg |
||
| 942 |
_2ddc _cBK _n0 |
||
| 999 |
_c3183 _d3183 |
||